Normal view
MARC view
Entry Personal Name
001 - CONTROL NUMBER
- control field: 38823
003 - CONTROL NUMBER IDENTIFIER
- control field: ARRUPE
005 - DATE AND TIME OF LATEST TRANSACTION
- control field: 20180124091943.0
008 - FIXED-LENGTH DATA ELEMENTS
- fixed length control field: 180124|| aca||aabn | a|a d
040 ## - CATALOGING SOURCE
- Original cataloging agency: ARRUPE
- Transcribing agency: ARRUPE
100 ## - HEADING--PERSONAL NAME
- Personal name: Makutu Nym.
670 ## - SOURCE DATA FOUND
- Source citation: Work cat.: (ARRUPE)0: Minga Shanga. 38821, Traditions verbales et rituelles chez les Lele, Kuba, Ding, Lulua, Luba, Komo et Yira (Rép. du Zaïre) /, 1984.